000 00874nas a2200265 4500
001 BR2018001683
003 BR-BrBNA
005 20231205131400.0
007 ta
008 230509b bl.|||p| |||| 00| 00por d
040 _aBR-BrBNA
_bpor
_cBiblioteca Nacional de Agricultura
041 _a(En)
072 _aQ70
100 1 _aChung, T.H
245 1 _aPh, ammonia flux, and total nitrogen in duck litter with chemical blends - A field study
650 _aPATO
650 _aCAMA DE GALINHEIRO
650 _aRESÍDUO ORGÂNICO
650 _aANÁLISE QUÍMICA
650 _aMISTURA
773 0 _tBrazilian Journal of Poultry Science (Brazil)
_xISSN 1806-9061
_g(Oct-Dec 2017), v. 19(4) p. 733-736
_wBR2018001683
856 4 0 _uhttp://www.scielo.br/pdf/rbca/v19n4/1516-635X-rbca-19-04-00733.pdf
909 _a202311
_bLúcia
_c55
_dLúcia Elande
942 _2AGRIS
_n0
_cANA
999 _c254501
_d254501